| 000 | 00437nam a22001577a 4500 | ||
|---|---|---|---|
| 999 |
_c9040 _d9040 |
||
| 003 | OSt | ||
| 008 | 200715b ||||| |||| 00| 0 eng d | ||
| 020 | _a9788185790527 | ||
| 100 | _a Fursule ,R. A. & Kulkarni ,J. S. and Agarkar ,P. H. | ||
| 245 | _aBiochemistry: Basic and Applied | ||
| 250 | _a2019 | ||
| 260 |
_aNew Delhi _bNirali |
||
| 300 | _aPg-A.27 | ||
| 650 | _aApplied Biochemistry and clinical chemistry | ||
| 942 |
_2ddc _cBK _03 |
||